[Event "Erbil Khanzad Cup 11th"]
[Site "Erbil"]
[Date "2018.06.01"]
[Round "4"]
[White "Baxtyar, Hama Salih Ahmed"]
[Black "Vahdani, Mohammad Hossein"]
[Result "1-0"]
[WhiteElo "1693"]
[BlackElo "1367"]
[PlyCount "39"]
[EventDate "2018.05.31"]
[EventType "swiss"]
[EventRounds "7"]
[EventCountry "IRQ"]
[SourceTitle "EXT 2019"]
[Source "ChessBase"]
[SourceDate "2018.10.10"]
[SourceVersion "1"]
[SourceVersionDate "2018.10.10"]
[SourceQuality "1"]

1. e4 e6 2. c4 c5 3. Nf3 Nc6 4. Nc3 d5 5. cxd5 exd5 6. Nxd5 Nf6 7. Nc3 Bg4 8. Bb5 g6 9. d3 Bg7 10. Bg5 a6 11. Bxc6+ bxc6 12. 0-0 c4 13. e5 Bxf3 14. Qxf3 Qxd3 15. Qxc6+ Qd7 16. Qxa8+ Ke7 17. exf6+ Bxf6 18. Bxf6+ Kxf6 19. Qxh8+ Ke7 20. Rfe1+ 1-0

[Event "Erbil Khanzad Cup 11th"]
[Site "Erbil"]
[Date "2018.06.01"]
[Round "2"]
[White "Mohammed Khaleel, Majeed"]
[Black "Vahdani, Mohammad Hossein"]
[Result "1-0"]
[WhiteElo "1786"]
[BlackElo "1367"]
[PlyCount "69"]
[EventDate "2018.05.31"]
[EventType "swiss"]
[EventRounds "7"]
[EventCountry "IRQ"]
[SourceTitle "EXT 2019"]
[Source "ChessBase"]
[SourceDate "2018.10.10"]
[SourceVersion "1"]
[SourceVersionDate "2018.10.10"]
[SourceQuality "1"]

1. e4 e6 2. d4 d5 3. Nd2 c5 4. c3 Nc6 5. Ngf3 Qb6 6. exd5 exd5 7. Nb3 cxd4 8. Nbxd4 Bd7 9. Bd3 Bd6 10. 0-0 0-0-0 11. Nf5 Ne5 12. Nxd6+ Qxd6 13. Nxe5 Qxe5 14. Re1 Qd6 15. Qf3 Nf6 16. Bf4 Bg4 17. Qxg4+ Nxg4 18. Bxd6 Nxf2 19. Bf5+ Rd7 20. Kxf2 Rhd8 21. Re7 g6 22. Bxd7+ Rxd7 23. Rxd7 Kxd7 24. Bf8 Ke6 25. Re1+ Kf5 26. Kf3 f6 27. h4 h5 28. b4 b5 29. a4 a6 30. axb5 axb5 31. Ke3 Kg4 32. Be7 g5 33. Bxf6 Kxh4 34. Kf3 d4 35. Rh1# 1-0